Which US States Grow Rice? - Statistics

General Stats
  • This quiz has been taken 175 times
  • The average score is 5 of 6
Answer Stats
Acres of rice Answer % Correct
140,000 Texas
96%
500,000 California
89%
130,000 Mississippi
87%
400,000 Louisiana
84%
1,200,000 Arkansas
82%
150,000 Missouri
68%
No matching quizzes found
Score Distribution
Percent of People with Each Score
Percentile by Number Answered
Your Score History
You have not taken this quiz